000 00429nam a22001817a 4500
003 MPLRDC
005 20220104125432.0
008 210129b ||||| |||| 00| 0 eng d
082 _a827 WRA-2
100 _a温瑞安
245 _a今之侠者: 武艺篇
_c
250 _a再版
260 _a
_b长河出版社
_c1978
300 _b
490 _a长河丛书. 4
650 _a中国小说论
942 _cBK
_o827 WRA-2
999 _c27345
_d27335